Central Library OPAC University of Rajshahi

American literature of the 19th century / (Record no. 18728)

MARC details
000 -LEADER
fixed length control field 00867cam a2200265 a 4500
001 - CONTROL NUMBER
control field 18728
003 - CONTROL NUMBER IDENTIFIER
rucl marc code BD-RjUL
005 - DATE AND TIME OF LATEST TRANSACTION
control field 20211209000327.0
008 - FIXED-LENGTH DATA ELEMENTS--GENERAL INFORMATION
fixed length control field 140222s1970 ii a b 000 0 eng
035 ## - SYSTEM CONTROL NUMBER
System control number (BD-RjUL)
040 ## - CATALOGING SOURCE
Original cataloging agency DLC
Transcribing agency DLC
Modifying agency DLC
-- BD-RjUL
Language of cataloging eng
041 ## - LANGUAGE CODE
Language code of text/sound track or separate title eng
082 00 - DEWEY DECIMAL CLASSIFICATION NUMBER
Classification number 813.308
Edition number 21
Author mark and year AME 1970
245 00 - TITLE STATEMENT
Title American literature of the 19th century /
Statement of responsibility, etc. edited by William J. Fisher ...[et al].
250 ## - EDITION STATEMENT
Edition statement 2nd ed.
260 ## - PUBLICATION, DISTRIBUTION, ETC. (IMPRINT)
Place of publication, distribution, etc. New Delhi :
Name of publisher, distributor, etc. Eurasia publishing house,
Date of publication, distribution, etc. 1970.
300 ## - PHYSICAL DESCRIPTION
Pagination xiv, 546 p. :
Illustrations ill. ;
Size 24 cm.
650 #0 - SUBJECT ADDED ENTRY--TOPICAL TERM
Topical term or geographic name as entry element American literature
Chronological subdivision 19th century.
9 (RLIN) 57701
Topical term or geographic name as entry element Popular literature
Geographic subdivision United States.
9 (RLIN) 57702
651 #0 - SUBJECT ADDED ENTRY--GEOGRAPHIC NAME
Geographic name United States
General subdivision Civilization
Chronological subdivision 19th century
Form subdivision Literary collections.
9 (RLIN) 57703
700 1# - ADDED ENTRY--PERSONAL NAME
Personal name Fisher, William J.,
942 ## - ADDED ENTRY ELEMENTS (KOHA)
Source of classification or shelving scheme Dewey Decimal Classification
Koha item type Books
Holdings
Lost status Source of classification or shelving scheme Damaged status Not for loan Collection code Permanent Location Current Location Shelving location Date acquired Source of acquisition Total Checkouts Full call number Date last seen Copy number Koha item type
  Dewey Decimal Classification     Non-fiction Central Library, University of Rajshahi Central Library, University of Rajshahi   01/11/1976 OSIS   813.308 AME 1970 22/02/2014 C-5 Books
  Dewey Decimal Classification   Not For Loan Non-fiction Central Library, University of Rajshahi Central Library, University of Rajshahi Reading Room 01/11/1976 OSIS   813.308 AME 1970 26/12/2019 C-1 Books
  Dewey Decimal Classification     Non-fiction Central Library, University of Rajshahi Central Library, University of Rajshahi General Stacks   U.S.I. S   813.308 AME 1970 27/08/2025 C-2 Books